000 00998nam a2200217Ia 4500
999 _c53822
_d53822
001 20873
003 GE_BSU
005 20210531173554.0
008 181216s2017||||ge |||||||||||||| ||geo||
040 _cGE_BSU
041 _ageo
080 _a343(479.22)(094.4) ს-32
245 _aსაქართველოს სისხლის სამართლის კოდექსი ანბანურ-საგნობრივი საძიებლით :
_bცვლილებებითა და დამატებებით 2017 წლის 1 ივნისამდე.
264 _aთბილისი :
_bბონა კაუზა,
_c2017.
300 _a270 გვ. ;
_c20 სმ.
490 _aიურისტის ბიბლიოთეკა
541 _h9ლ.
653 _aსამართალი
653 _aსაქართველოს სისხლის სამართლის კოდექსი
942 _cBK
_2udc